000 00441nam a2200145Ia 4500
008 100204s9999 xx 000 0 und d
082 _b1625
100 _aराजवाडे राजा
245 _aअविवाहिता
260 _b"दिलिप प्रकाशन , मुंबई"
_c1979
300 _a190
630 _aअविवाहिता
730 _aअविवाहिता
942 _cBOOK
999 _c446781
_d446778